000 00429nam a2200181Ia 4500
005 20220531110446.0
008 131103s9999 xx 000 0 und d
040 _aLoreto College
041 _aEnglish
082 _aF
_bKAY
100 _aKaye,M.M.
245 _aTrade Wind
_cM.M.Kaye
260 _aHarmondsworth
_bPenguin Books
_c1963
300 _a553 p.
650 _aFiction in English
850 _aLCLIB
942 _cBK
999 _c14668
_d65147